[Event "European Rapid Championship 2021"]
[Site "Katowice"]
[Date "2021.12.18"]
[Round "4.29"]
[White "Trzebinski, Patryk"]
[Black "Lewtak, Damian"]
[Result "0-1"]
[WhiteElo "1767"]
[BlackElo "2185"]
[Annotator "NA"]
[PlyCount "108"]
[EventDate "2021.12.18"]
[EventType "swiss"]
[EventCountry "POL"]
[SourceTitle "playchess.com"]
[Source "ChessBase"]
[SourceQuality "1"]
[TimeControl "900+10"]

1. e4 {[%emt 0:00:01]} g6 {[%emt 0:00:02]} 2. d4 {[%emt 0:00:06]} Bg7 {[%emt 0:
00:02]} 3. Be3 {[%emt 0:00:01]} b6 {[%emt 0:00:02]} 4. Bd3 {[%emt 0:00:03]} Bb7
{[%emt 0:00:02]} 5. Nd2 {[%emt 0:00:02]} e6 {[%emt 0:00:16]} 6. Ne2 {[%emt 0:
00:05]} Ne7 {[%emt 0:00:03]} 7. O-O {[%emt 0:00:09]} O-O {[%emt 0:00:08]} 8. c3
{[%emt 0:00:02]} f5 {[%emt 0:00:03]} 9. f3 {[%emt 0:00:02]} a5 {[%emt 0:00:27]}
10. Qc2 {[%emt 0:00:20]} a4 {[%emt 0:00:37]} 11. b3 {[%emt 0:00:18]} Bc6 {
[%emt 0:01:01]} 12. b4 {[%emt 0:01:23]} b5 {[%emt 0:00:33]} 13. Bg5 {[%emt 0:
00:45]} h6 {[%emt 0:00:12]} 14. Bxe7 {[%emt 0:00:28]} Qxe7 {[%emt 0:00:02]} 15.
Nf4 {[%emt 0:01:28]} Qg5 {[%emt 0:00:59]} 16. Nh3 {[%emt 0:00:40]} Qh4 {
[%emt 0:00:26]} 17. d5 {[%emt 0:00:49]} exd5 {[%emt 0:00:26]} 18. exd5 {
[%emt 0:01:13]} Bxd5 {[%emt 0:00:12]} 19. Bxb5 {[%emt 0:00:02]} Qf6 {[%emt 0:
00:04]} 20. Rac1 {[%emt 0:00:52]} Qb6+ {[%emt 0:00:26]} 21. Kh1 {[%emt 0:00:12]
} Qxb5 {[%emt 0:00:20]} 22. c4 {[%emt 0:00:01]} Bxc4 {[%emt 0:00:10]} 23. Nxc4
{[%emt 0:00:38]} Qxb4 {[%emt 0:00:26]} 24. Nf4 {[%emt 0:00:11]} Kh7 {[%emt 0:
00:45]} 25. g4 {[%emt 0:00:32]} Qc5 {[%emt 0:00:06]} 26. Rg1 {[%emt 0:02:13]}
Ra6 {[%emt 0:00:13]} 27. h4 {[%emt 0:04:51]} fxg4 {[%emt 0:01:34]} 28. Rxg4 {
[%emt 0:00:23]} Qf5 {[%emt 0:00:02]} 29. Qg2 {[%emt 0:00:13]} Rc6 {[%emt 0:03:
21]} 30. Rg1 {[%emt 0:01:05]} Qxf4 {[%emt 0:00:04]} 31. Rxf4 {[%emt 0:00:42]}
Rxf4 {[%emt 0:00:01]} 32. Qg3 {[%emt 0:00:11]} Rfxc4 {[%emt 0:00:11]} 33. f4 {
[%emt 0:00:07]} R4c5 {[%emt 0:00:35]} 34. Re1 {[%emt 0:00:08]} h5 {[%emt 0:00:
22]} 35. Re7 {[%emt 0:00:18]} Rc1+ {[%emt 0:00:04]} 36. Re1 {[%emt 0:00:07]}
R6c3 {[%emt 0:00:43]} 37. Qf2 {[%emt 0:00:02]} Nc6 {[%emt 0:00:34]} 38. f5 {
[%emt 0:00:14]} Rxe1+ {[%emt 0:00:15]} 39. Qxe1 {[%emt 0:00:01]} gxf5 {[%emt 0:
00:03]} 40. Qd1 {[%emt 0:00:06]} Rh3+ {[%emt 0:00:11]} 41. Kg2 {[%emt 0:00:02]}
Rxh4 {[%emt 0:00:03]} 42. Qxd7 {[%emt 0:00:05]} Rg4+ {[%emt 0:00:34]} 43. Kf2 {
[%emt 0:00:02]} Nd4 {[%emt 0:00:50]} 44. Qxa4 {[%emt 0:00:19]} h4 {[%emt 0:00:
13]} 45. Qe8 {[%emt 0:00:03]} Kh6 {[%emt 0:01:33]} 46. a4 Re4 {[%emt 0:00:41]}
47. Qd7 {[%emt 0:00:56]} h3 {[%emt 0:00:32]} 48. Kg3 {[%emt 0:00:16]} Re3+ {
[%emt 0:00:03]} 49. Kf2 {[%emt 0:00:19]} h2 {[%emt 0:00:49]} 50. Kxe3 {[%emt 0:
00:10]} h1=Q {[%emt 0:00:04]} 51. Qxc7 {[%emt 0:00:04]} Qe4+ {[%emt 0:00:09]}
52. Kf2 {[%emt 0:00:09]} Qe2+ {[%emt 0:00:10]} 53. Kg1 {[%emt 0:00:02]} Nf3+ {
[%emt 0:00:04]} 54. Kh1 {[%emt 0:00:01]} Qf1# {[%emt 0:00:00]} 0-1

[Event "European Rapid Championship 2021"]
[Site "Katowice"]
[Date "2021.12.18"]
[Round "4.30"]
[White "Sanz Wawer, Daniel"]
[Black "Nasuta, Grzegorz"]
[Result "1-0"]
[WhiteElo "2371"]
[BlackElo "2345"]
[Annotator "NA"]
[PlyCount "57"]
[EventDate "2021.12.18"]
[EventType "swiss"]
[EventCountry "POL"]
[SourceTitle "playchess.com"]
[Source "ChessBase"]
[SourceQuality "1"]
[TimeControl "900+10"]

1. e4 {[%emt 0:00:02]} c5 {[%emt 0:00:06]} 2. Nf3 {[%emt 0:00:02]} e6 {[%emt 0:
00:12]} 3. d4 {[%emt 0:00:02]} cxd4 {[%emt 0:00:02]} 4. Nxd4 {[%emt 0:00:01]}
Nf6 {[%emt 0:00:07]} 5. Nc3 {[%emt 0:00:02]} d6 {[%emt 0:00:01]} 6. g4 {
[%emt 0:00:03]} h6 {[%emt 0:00:02]} 7. h4 {[%emt 0:00:05]} Nc6 {[%emt 0:00:03]}
8. Rg1 {[%emt 0:00:14]} d5 {[%emt 0:02:17]} 9. exd5 {[%emt 0:00:02]} Nxd5 {
[%emt 0:00:02]} 10. Nxd5 {[%emt 0:00:03]} exd5 {[%emt 0:00:22]} 11. Be3 {
[%emt 0:00:02]} Qxh4 {[%emt 0:00:02]} 12. Qf3 {[%emt 0:00:02]} Nxd4 {[%emt 0:
00:05]} 13. Bxd4 {[%emt 0:00:01]} Qe7+ {[%emt 0:00:01]} 14. Be2 {[%emt 0:00:01]
} Qe4 {[%emt 0:00:38]} 15. O-O-O {[%emt 0:00:03]} Qxf3 {[%emt 0:00:08]} 16.
Bxf3 {[%emt 0:00:01]} Be6 {[%emt 0:00:01]} 17. Rge1 {[%emt 0:00:09]} Kd7 {
[%emt 0:00:38]} 18. Be3 {[%emt 0:00:47]} b6 {[%emt 0:05:33]} 19. Bxd5 {[%emt 0:
00:53]} Bxd5 {[%emt 0:00:01]} 20. Rxd5+ {[%emt 0:00:02]} Kc6 {[%emt 0:00:01]}
21. Red1 {[%emt 0:00:19]} f6 {[%emt 0:01:39]} 22. Rd7 {[%emt 0:00:48]} h5 {
[%emt 0:01:19]} 23. Bf4 {[%emt 0:01:56]} hxg4 {[%emt 0:00:56]} 24. a4 {[%emt 0:
03:57]} Rc8 {[%emt 0:00:35]} 25. Rxa7 {[%emt 0:00:37]} g5 {[%emt 0:00:01]} 26.
Bg3 {[%emt 0:00:34]} f5 {[%emt 0:00:03]} 27. Be5 {[%emt 0:00:41]} Rh6 {[%emt 0:
00:03]} 28. c4 {[%emt 0:02:23]} Re6 {[%emt 0:04:17]} 29. Rd8 {[%emt 0:00:17]}
1-0

[Event "European Rapid Championship 2021"]
[Site "Katowice"]
[Date "2021.12.18"]
[Round "4.30"]
[White "Rudnicki, Milosz"]
[Black "Hasinski, Krystian"]
[Result "1-0"]
[WhiteElo "2200"]
[BlackElo "1811"]
[Annotator "NA"]
[PlyCount "111"]
[EventDate "2021.12.18"]
[EventType "swiss"]
[EventCountry "POL"]
[SourceTitle "playchess.com"]
[Source "ChessBase"]
[SourceQuality "1"]
[TimeControl "900+10"]

1. d4 {[%emt 0:00:02]} c6 {[%emt 0:00:02]} 2. Bf4 {[%emt 0:00:05]} Nf6 {
[%emt 0:00:28]} 3. e3 {[%emt 0:00:02]} g6 {[%emt 0:00:16]} 4. Nc3 {[%emt 0:00:
08]} Bg7 {[%emt 0:00:06]} 5. h4 {[%emt 0:00:03]} h5 {[%emt 0:00:05]} 6. Nf3 {
[%emt 0:00:03]} Qa5 {[%emt 0:00:36]} 7. Qd2 {[%emt 0:00:58]} Nd5 {[%emt 0:00:
54]} 8. Nxd5 {[%emt 0:00:26]} Qxd2+ {[%emt 0:00:08]} 9. Nxd2 {[%emt 0:00:56]}
cxd5 {[%emt 0:00:03]} 10. c4 {[%emt 0:00:01]} dxc4 {[%emt 0:00:11]} 11. Bxc4 {
[%emt 0:00:17]} d6 {[%emt 0:00:39]} 12. O-O {[%emt 0:00:35]} Nc6 {[%emt 0:01:
05]} 13. a3 {[%emt 0:00:18]} Bd7 {[%emt 0:01:32]} 14. Rac1 {[%emt 0:00:20]} O-O
{[%emt 0:00:22]} 15. Nf3 {[%emt 0:00:16]} Rac8 {[%emt 0:01:15]} 16. Ng5 {
[%emt 0:00:13]} Bf6 {[%emt 0:00:29]} 17. b4 {[%emt 0:00:06]} Kg7 {[%emt 0:00:
40]} 18. Bg3 {[%emt 0:00:40]} Bxg5 {[%emt 0:00:11]} 19. hxg5 {[%emt 0:00:02]}
a6 {[%emt 0:00:37]} 20. Rfd1 {[%emt 0:00:53]} Na7 {[%emt 0:00:03]} 21. f3 {
[%emt 0:01:28]} Rc7 {[%emt 0:01:21]} 22. Bd3 {[%emt 0:03:49]} Rfc8 {[%emt 0:00:
05]} 23. Rxc7 {[%emt 0:00:02]} Rxc7 {[%emt 0:00:02]} 24. Be1 {[%emt 0:00:02]}
Bb5 {[%emt 0:01:33]} 25. Be4 {[%emt 0:00:50]} Ba4 {[%emt 0:00:28]} 26. Ra1 {
[%emt 0:00:12]} Nb5 {[%emt 0:00:28]} 27. Kf2 {[%emt 0:00:29]} e6 {[%emt 0:00:
15]} 28. Bd3 {[%emt 0:02:13]} d5 {[%emt 0:00:20]} 29. Bd2 {[%emt 0:01:04]} Nd6
{[%emt 0:00:33]} 30. Rc1 {[%emt 0:00:37]} Nc4 {[%emt 0:00:35]} 31. Bxc4 {
[%emt 0:00:16]} Rxc4 {[%emt 0:01:56]} 32. Bc3 {[%emt 0:00:49]} Kf8 {[%emt 0:00:
26]} 33. Ke2 {[%emt 0:00:12]} Ke7 {[%emt 0:00:08]} 34. Kd2 {[%emt 0:00:01]} Kd6
{[%emt 0:00:13]} 35. e4 {[%emt 0:00:09]} Be8 {[%emt 0:01:10]} 36. Rh1 {[%emt 0:
00:22]} b5 {[%emt 0:00:28]} 37. Rh4 {[%emt 0:00:18]} Bc6 {[%emt 0:00:26]} 38.
Kd3 {[%emt 0:00:10]} Ke7 {[%emt 0:00:07]} 39. g4 {[%emt 0:00:25]} hxg4 {
[%emt 0:00:19]} 40. Rxg4 {[%emt 0:00:01]} Bb7 {[%emt 0:00:07]} 41. Rh4 {
[%emt 0:00:04]} Rc8 {[%emt 0:00:06]} 42. Bd2 {[%emt 0:00:28]} Rf8 {[%emt 0:01:
01]} 43. Rh7 {[%emt 0:00:11]} Rg8 {[%emt 0:00:16]} 44. Bf4 {[%emt 0:00:10]} Bc6
{[%emt 0:00:02]} 45. Be5 {[%emt 0:00:08]} Bb7 {[%emt 0:00:02]} 46. Bf6+ {
[%emt 0:00:03]} Ke8 {[%emt 0:00:01]} 47. Ke3 {[%emt 0:00:15]} Bc6 {[%emt 0:00:
02]} 48. Kf4 {[%emt 0:00:03]} Bb7 {[%emt 0:00:24]} 49. Ke5 {[%emt 0:00:02]} Ba8
{[%emt 0:00:03]} 50. Rh4 {[%emt 0:00:16]} Kd7 {[%emt 0:00:04]} 51. Rh7 {
[%emt 0:00:47]} Ke8 {[%emt 0:00:05]} 52. Kd6 {[%emt 0:01:09]} dxe4 {[%emt 0:00:
10]} 53. Rh1 {[%emt 0:00:07]} exf3 {[%emt 0:00:13]} 54. Rc1 {[%emt 0:00:01]}
Bb7 {[%emt 0:00:00]} 55. Rc7 {[%emt 0:00:09]} f2 {[%emt 0:00:17]} 56. Rxb7 {
[%emt 0:00:02]} 1-0

[Event "European Rapid Championship 2021"]
[Site "Katowice"]
[Date "2021.12.18"]
[Round "5.1"]
[White "Motylev, Alexander"]
[Black "Krasenkow, Michal"]
[Result "0-1"]
[WhiteElo "2703"]
[BlackElo "2576"]
[Annotator "TA"]
[PlyCount "116"]
[EventDate "2021.12.18"]
[EventType "swiss"]
[EventCountry "POL"]
[SourceTitle "playchess.com"]
[Source "ChessBase"]
[SourceQuality "1"]

{[%evp 9,116,34,70,52,59,60,67,70,73,45,102,89,125,132,175,165,177,187,176,181,
175,91,181,190,339,309,330,-615,201,-447,-420,-523,-237,-245,-277,-320,-223,
-320,-304,-296,-282,-330,-328,-312,-327,-342,-333,-353,-335,-466,-477,-501,
-487,-678,-650,-649,-355,-348,-343,-359,-195,-190,-143,-140,-136,-115,-63,-66,
-75,-145,-64,-71,-72,-71,-70,-111,-111,-111,-110,-103,-66,-66,-66,-156,-155,
-241,-227,-1200,-1620,-1620,-1200,-1200,-1200,-1200,-1200,-1171,-1178,-1733,
-1569,-29976,-29975,-29975,-29976,-29975,-29976,-29976,-29980,-29980,-29981]} 
1. e4 g6 2. d4 Bg7 3. Nc3 c6 4. f4 d5 5. e5 Qb6 6. h3 {B15: Caro-Kann: 3 Nc3:
3...g6 and 3...dxe4 4 Nxe4 Nf6 5 Nxf6+ exf6.} Nh6 7. Nf3 Nf5 8. Kf2 {Inhibits
Ng3. White is slightly better.} h5 {[#]} 9. g3 $146 {[%cal Bg2g3,Bg3g4][%mdl
32]} ({Predecessor:} 9. Na4 Qa5 10. Nc5 Nd7 11. Nb3 Qb6 12. Bd3 Nf8 13. a4 a5
14. g4 hxg4 15. hxg4 {1-0 (30) Theiss,K (1871)-Scheidt,K (1981) Bayern 2014})
9... f6 (9... a5 $14) 10. Bd3 $16 {Threatens to win with g4.} fxe5 11. fxe5 O-O
(11... Nd7 $16) 12. Kg2 $18 Na6 13. a3 {To avoid Nb4} h4 14. g4 Nxd4 15. Na4 (
15. Nxh4 $18 Ne6 16. Rf1) 15... Qa5 (15... Rxf3 $16 16. Nxb6 Rg3+ 17. Kf1 Bxg4
18. hxg4 Rf8+ 19. Ke1 Nf3+ 20. Ke2 Nd4+ 21. Ke1 Nf3+ 22. Qxf3 Rfxf3) 16. Nxd4
Qxa4 (16... c5 $142) 17. Bxg6 Bxe5 {[#]} 18. Nf3 {[%mdl 8192] [#]} ({Inferior
is} 18. Be3 Rf6 19. Bd3 c5 $11) (18. Rf1 $1 $18 Qxd4 19. Rxf8+ Kxf8 20. Qf3+
Bf6 21. Bh6+ Kg8 22. Re1) 18... Bg7 $4 {[%mdl 8192]} (18... Bxg4 $1 $19 {
[%mdl 512]} 19. Rf1 Rf6 $1 20. Bh7+ Kxh7 21. Ng5+ Kg8 22. hxg4 Rxf1 23. Kxf1
Qc4+ 24. Kg1 Rf8) 19. Re1 $4 {[%mdl 8192] [#]} (19. Qe1 $18 {and life is good
for White.} Bxg4 20. Ng5) 19... Bxg4 $1 $19 {[%mdl 512]} 20. Rf1 {[#]} (20. Re3
Rf6) 20... Bf5 (20... Rf6 $142 $1 21. hxg4 Qxg4+ 22. Kh1 Raf8 23. Bh7+ Kxh7 24.
Ng5+ Kg8) 21. Bxf5 Rxf5 22. Qe2 e5 23. b3 (23. Ng5 {was necessary.} Rxf1 24.
Kxf1) 23... Qb5 24. Qxb5 cxb5 25. Nxh4 Rxf1 26. Kxf1 e4 27. Ra2 Rf8+ 28. Ke2
Nc5 {White must now prevent ...d4.} 29. Ng6 Rf7 30. Bd2 d4 31. a4 d3+ 32. Ke1
dxc2 33. Rxc2 Nxb3 34. axb5 Nd4 (34... Kh7 $142 35. Nh4 Be5) 35. Rc5 Nf3+ ({
Better is} 35... Rf3 $1 $19 {Strongly threatening ...e3.} 36. Ne5 Rxh3) 36. Ke2
$17 Kh7 37. Nh4 Nxd2 (37... Nxh4 38. Rh5+ Kg6 39. Rxh4 $15) (37... Nd4+ $1 $17
38. Ke1 Bf6) 38. Kxd2 {[%mdl 4096] Endgame KRB-KRN} Bd4 39. Rc4 ({White should
try} 39. Rh5+ Kg7 40. Rg5+ Kh6 41. Rf5) 39... Rd7 {Black is more active.} ({
Stronger than} 39... Rf2+ 40. Ke1 Bb6 41. Rxe4 $15) (39... e3+ $1 $17 40. Kd3
Bb6) 40. Ke2 $15 {[#]} e3 $1 41. Nf5 {[%csl LRd4,LRe3]} Bb6 42. Nxe3 (42. Re4
$15) 42... Re7 $17 43. Rc3 Re5 44. Rd3 Bxe3 45. Rxe3 Rxb5 {KR-KR} 46. Kf3 (46.
Re6 $1 $15) 46... a5 {[%cal Ba7a5,Ba5a4,Ba4a3][%mdl 32]} 47. Re4 {[#]} (47. Ra3
$17 {might work better.}) 47... Rb3+ $1 $19 48. Kf4 $2 (48. Ke2) 48... b5 49.
h4 a4 50. Kg5 a3 51. Re7+ Kg8 {Hoping for ...Rb2.} 52. Ra7 b4 53. h5 Rg3+ 54.
Kf6 Rg1 {Black mates.} 55. Ra8+ Kh7 56. Ra7+ Kh6 57. Ra8 Rf1+ 58. Ke5 b3 {
What a bad dream for White.  Weighted Error Value: White=0.76/Black=0.35} 0-1

[Event "European Rapid Championship 2021"]
[Site "Katowice"]
[Date "2021.12.18"]
[Round "5.1"]
[White "Kacprzak, Kacper"]
[Black "Bjerre, Jonas Buhl"]
[Result "0-1"]
[WhiteElo "2042"]
[BlackElo "2330"]
[Annotator "NA"]
[PlyCount "96"]
[EventDate "2021.12.18"]
[EventType "swiss"]
[EventCountry "POL"]
[SourceTitle "playchess.com"]
[Source "ChessBase"]
[SourceQuality "1"]
[TimeControl "900+10"]

1. e4 {[%emt 0:00:03]} c5 {[%emt 0:00:00]} 2. Nf3 d6 3. d4 {[%emt 0:00:03]}
cxd4 {[%emt 0:00:02]} 4. Nxd4 {[%emt 0:00:02]} Nf6 {[%emt 0:00:00]} 5. Nc3 {
[%emt 0:00:07]} a6 {[%emt 0:00:01]} 6. Nb3 {[%emt 0:00:02]} Nbd7 {[%emt 0:00:
03]} 7. Be3 {[%emt 0:00:28]} b5 {[%emt 0:00:07]} 8. g4 {[%emt 0:02:15]} Bb7 {
[%emt 0:00:08]} 9. Bg2 {[%emt 0:00:04]} b4 {[%emt 0:01:12]} 10. Nd5 {[%emt 0:
00:02]} e6 {[%emt 0:00:05]} 11. Nxf6+ {[%emt 0:00:26]} Nxf6 {[%emt 0:00:02]}
12. f3 {[%emt 0:02:55]} a5 {[%emt 0:00:26]} 13. Bf1 {[%emt 0:02:40]} Be7 {
[%emt 0:00:23]} 14. Bb5+ {[%emt 0:00:06]} Nd7 {[%emt 0:00:02]} 15. Qd2 {
[%emt 0:02:31]} O-O {[%emt 0:00:13]} 16. O-O-O {[%emt 0:00:34]} Ne5 {[%emt 0:
00:37]} 17. Qe2 {[%emt 0:00:43]} a4 {[%emt 0:01:09]} 18. Nd4 {[%emt 0:00:30]}
b3 {[%emt 0:00:34]} 19. cxb3 {[%emt 0:02:17]} axb3 {[%emt 0:00:03]} 20. a3 {
[%emt 0:00:01]} Qb8 {[%emt 0:01:16]} 21. Kb1 {[%emt 0:00:08]} Rc8 {[%emt 0:00:
10]} 22. Rc1 {[%emt 0:00:05]} Rc5 {[%emt 0:00:34]} 23. Rxc5 {[%emt 0:00:55]}
dxc5 {[%emt 0:00:01]} 24. Nxb3 {[%emt 0:00:01]} c4 {[%emt 0:03:10]} 25. Bxc4 {
[%emt 0:00:48]} Nxg4 {[%emt 0:01:08]} 26. Rd1 {[%emt 0:00:28]} Nxe3 {[%emt 0:
00:08]} 27. Qxe3 {[%emt 0:00:04]} Bc6 {[%emt 0:00:39]} 28. Nd4 {[%emt 0:00:18]}
Be8 {[%emt 0:00:06]} 29. Qb3 {[%emt 0:00:04]} Qxh2 {[%emt 0:00:10]} 30. Bb5 {
[%emt 0:00:27]} Rb8 {[%emt 0:00:06]} 31. a4 {[%emt 0:00:01]} Bf6 {[%emt 0:00:
13]} 32. Qc4 {[%emt 0:00:19]} Qf2 {[%emt 0:00:17]} 33. Nc2 {[%emt 0:00:15]}
Qxf3 {[%emt 0:00:15]} 34. Rf1 {[%emt 0:00:18]} Qg2 {[%emt 0:00:21]} 35. b4 {
[%emt 0:00:10]} Bxb5 {[%emt 0:00:13]} 36. axb5 {[%emt 0:00:01]} Ra8 {[%emt 0:
00:01]} 37. Rxf6 {[%emt 0:00:17]} gxf6 {[%emt 0:00:03]} 38. Qc6 {[%emt 0:00:08]
} Rb8 {[%emt 0:00:10]} 39. Kb2 {[%emt 0:00:02]} Qe2 {[%emt 0:00:21]} 40. Qc3 {
[%emt 0:00:10]} Qxb5 {[%emt 0:00:27]} 41. Qxf6 {[%emt 0:00:02]} Rc8 {[%emt 0:
00:21]} 42. e5 {[%emt 0:00:11]} Qd3 {[%emt 0:00:10]} 43. Qg5+ {[%emt 0:00:03]}
Kf8 {[%emt 0:00:07]} 44. Qh6+ {[%emt 0:00:03]} Ke8 {[%emt 0:00:03]} 45. Qh2 {
[%emt 0:00:01]} h5 {[%emt 0:00:16]} 46. Qg2 {[%emt 0:00:20]} Rxc2+ {[%emt 0:00:
09]} 47. Qxc2 {[%emt 0:00:01]} Qxc2+ {[%emt 0:00:01]} 48. Kxc2 {[%emt 0:00:01]}
h4 {[%emt 0:00:04]} 0-1

[Event "European Rapid Championship 2021"]
[Site "Katowice"]
[Date "2021.12.18"]
[Round "5.2"]
[White "Mirzoev, Emil"]
[Black "Balog, Imre"]
[Result "1-0"]
[WhiteElo "2418"]
[BlackElo "2629"]
[Annotator "TA"]
[PlyCount "79"]
[EventDate "2021.12.18"]
[EventType "swiss"]
[EventCountry "POL"]
[SourceTitle "playchess.com"]
[Source "ChessBase"]
[SourceQuality "1"]

{[%evp 11,79,25,37,20,21,18,39,50,37,0,13,13,14,0,22,27,27,33,33,25,29,35,26,
32,36,30,31,28,43,43,58,59,82,56,46,52,152,167,149,157,141,125,285,247,399,0,0,
0,133,134,110,106,178,135,124,139,1277,1307,1312,1254,1227,1020,2115,1975,
29986,29987,29986,29986,12837,6624]} 1. c4 Nf6 2. Nc3 g6 3. e4 d6 4. d4 Bg7 5.
h3 O-O 6. Be3 c5 7. d5 {E71: King's Indian: 4 e4 d6 5 h3.} e6 8. Nf3 Re8 9. Bd3
{White is slightly better.} exd5 10. cxd5 c4 11. Bc2 b5 12. a3 Nbd7 (12... Nxe4
$5 13. Nxe4 f5 $11) 13. O-O a6 $1 14. Re1 Bb7 15. Qd2 Rc8 16. Rad1 Nc5 {
[%cal Rf6e4]} 17. Bd4 Nfd7 18. Bxg7 Kxg7 19. Re3 Qf6 20. Rf1 {[#]} Kg8 $146 ({
Predecessor:} 20... Rb8 21. Ne1 Bc8 22. f4 b4 23. axb4 Rxb4 24. e5 dxe5 25.
fxe5 Qb6 26. e6 f6 {1-0 (42) Tunik,G (2436)-Yemelin,A (2240) Togliatti 2011})
21. Nh2 {[%cal Bf3h2,Bh2g4,Bg4h6,Bh6f7][%mdl 32]} Qf4 22. g3 {[%cal Bg2g3,
Bg3g4,Bg4g5][%mdl 32]} Qh6 23. f4 Qxh3 ({Black should play} 23... Nb3 $14 24.
Bxb3 cxb3) 24. g4 $16 Qh6 25. g5 $36 {[%mdl 2048] White has strong initiative.}
Qg7 26. Ng4 f6 $2 {[#]} (26... Kh8 $16) 27. e5 $1 $18 fxg5 (27... fxe5 28. f5
Kh8 29. f6 Nxf6 30. Nxf6 $18) (27... dxe5 28. fxe5 f5 29. Nh6+ (29. Nf6+ Nxf6
30. gxf6 Qf7 $16) 29... Kh8) 28. fxg5 $2 ({Only move:} 28. f5 $18 {And now f6
would win.} Nxe5 {[#]} 29. f6 $1) 28... Rxe5 $11 (28... dxe5 $2 29. Nh6+ Kh8
30. Rf7 $18) (28... Nxe5 $2 29. Rxe5 Rxe5 30. Nh6+ Kh8 31. Rf7 Rxd5 32. Nxd5
$18) 29. Ref3 Qe7 {Prevents Rf7.} (29... Re7 $1 $11) 30. Nh6+ $16 Kh8 31. Nf7+
Kg7 (31... Kg8 $16) 32. Rh3 ({Stronger than} 32. Nxe5 Nxe5 33. Rf6 Rd8 $11) ({
Better is} 32. Qd4 $18) 32... Nf8 33. Nxe5 {The board is on fire. White is
much more active.} Qxe5 {[%mdl 8192]} (33... dxe5 $16 34. Ne4 Qd7) 34. Re1 $18
Nfd7 35. Rxe5 Nxe5 36. Ne4 Rf8 37. Qh2 Nf3+ {[#]} 38. Rxf3 $1 Rxf3 39. Nxc5
dxc5 40. Qe5+ {Weighted Error Value: White=0.20 (precise) /Black=0.50} 1-0

[Event "European Rapid Championship 2021"]
[Site "Katowice"]
[Date "2021.12.18"]
[Round "5.3"]
[White "Laurusas, Tomas"]
[Black "Brodowski, Piotr"]
[Result "0-1"]
[WhiteElo "2553"]
[BlackElo "2414"]
[Annotator "ChessBase"]
[PlyCount "88"]
[EventDate "2021.12.18"]
[EventType "swiss"]
[EventCountry "POL"]
[SourceTitle "playchess.com"]
[Source "ChessBase"]
[SourceQuality "1"]
[TimeControl "900+10"]

1. d4 {[%emt 0:00:02]} d6 {[%emt 0:00:01]} 2. Nf3 {[%emt 0:00:11]} g6 {[%emt 0:
00:03]} 3. c4 {[%emt 0:00:07]} Nf6 {[%emt 0:00:04]} 4. Nc3 {[%emt 0:00:50]} Bf5
{[%emt 0:00:17]} 5. e3 {[%emt 0:03:52]} Bg7 {[%emt 0:00:04]} 6. Be2 {[%emt 0:
00:02]} O-O {[%emt 0:00:06]} 7. O-O {[%emt 0:00:03]} c5 {[%emt 0:01:10]} 8. Nh4
{[%emt 0:01:50]} Bd7 {[%emt 0:00:16]} 9. b3 {[%emt 0:00:13]} cxd4 {[%emt 0:02:
41]} 10. exd4 {[%emt 0:00:02]} Nc6 {[%emt 0:00:04]} 11. d5 {[%emt 0:01:02]} Ne5
{[%emt 0:01:46]} 12. h3 {[%emt 0:02:00]} Be8 {[%emt 0:01:14]} 13. Be3 {[%emt 0:
00:10]} a6 {[%emt 0:00:13]} 14. Qd2 {[%emt 0:00:49]} Rc8 {[%emt 0:00:09]} 15.
Rac1 {[%emt 0:00:05]} Qa5 {[%emt 0:02:12]} 16. Rfd1 {[%emt 0:00:47]} b5 {
[%emt 0:02:45]} 17. cxb5 {[%emt 0:00:02]} axb5 {[%emt 0:00:10]} 18. Nxb5 {
[%emt 0:00:01]} Qxd2 {[%emt 0:00:34]} 19. Bxd2 {[%emt 0:00:02]} Bxb5 {[%emt 0:
01:27]} 20. Bxb5 {[%emt 0:00:04]} Ne4 {[%emt 0:02:16]} 21. Be1 {[%emt 0:03:17]}
Bh6 {[%emt 0:00:35]} 22. Rxc8 {[%emt 0:00:21]} Rxc8 {[%emt 0:00:00]} 23. a4 {
[%emt 0:02:40]} Nc3 {[%emt 0:00:35]} 24. Ba6 {[%emt 0:00:02]} Rc7 {[%emt 0:00:
09]} 25. Ra1 {[%emt 0:00:32]} Nxd5 {[%emt 0:00:07]} 26. b4 {[%emt 0:00:02]} Bg7
{[%emt 0:00:07]} 27. Rb1 {[%emt 0:00:03]} Ra7 {[%emt 0:00:22]} 28. b5 {[%emt 0:
00:10]} Nc4 {[%emt 0:00:08]} 29. a5 {[%emt 0:00:08]} Bd4 {[%emt 0:00:14]} 30.
Nf3 {[%emt 0:00:08]} Bc5 {[%emt 0:00:00]} 31. Rc1 {[%emt 0:00:17]} Nb2 {
[%emt 0:00:11]} 32. Bc8 {[%emt 0:00:22]} Nd3 {[%emt 0:00:02]} 33. b6 {[%emt 0:
00:02]} Bxb6 {[%emt 0:00:21]} 34. axb6 {[%emt 0:00:08]} Nxb6 {[%emt 0:00:01]}
35. Rc3 {[%emt 0:00:10]} Nc5 {[%emt 0:00:22]} 36. Bg4 {[%emt 0:00:21]} h5 {
[%emt 0:00:06]} 37. Bxh5 {[%emt 0:00:04]} gxh5 {[%emt 0:00:01]} 38. Nd4 {
[%emt 0:00:01]} Ra1 {[%emt 0:00:05]} 39. Kf1 {[%emt 0:00:00]} Ne4 {[%emt 0:00:
22]} 40. Rc2 {[%emt 0:00:35]} Nd5 {[%emt 0:00:16]} 41. g3 {[%emt 0:00:11]} f6 {
[%emt 0:00:08]} 42. Ke2 {[%emt 0:00:02]} Kf7 {[%emt 0:00:10]} 43. f3 {[%emt 0:
00:12]} Nc5 {[%emt 0:00:06]} 44. Rb2 {[%emt 0:00:07]} Rxe1+ {[%emt 0:00:04]}
0-1